Il coming out : un'indagine bibliografica : tesi di laurea /
Saved in:
| Hovedforfatter: | |
|---|---|
| Andre forfattere: | |
| Format: | Bog |
| Sprog: | italiensk |
| Udgivet: |
A.a. 2002-2003
|
| Tags: |
Ingen Tags, Vær først til at tagge denne postø!
|
MARC
| LEADER | 00000nam a22000007i 4500 | ||
|---|---|---|---|
| 001 | IT\ICCU\UBO\2707412 | ||
| 003 | ItRI | ||
| 005 | 20260124192843.0 | ||
| 008 | 050421m20022003it |||||| ||||| |||||c | ||
| 040 | |b ita |c importazione bologna sebina | ||
| 041 | 7 | |a ita |2 ISO-639-2 | |
| 100 | 1 | |a Ghidini, Marzia |0 IT\ICCU\UBOV\963629 |4 aut | |
| 245 | 1 | 3 | |a Il coming out : |b un'indagine bibliografica : tesi di laurea / |c laureanda: Marzia Ghidini , relatore: Giovanni Novello Paglianti. |
| 260 | |c A.a. 2002-2003 | ||
| 300 | |a 94 p. ; |c 30 cm | ||
| 500 | |a Università degli Studi di Padova, Facoltà di Psicologia. | ||
| 700 | 1 | |a Novello Paglianti, Giovanni Battista |0 IT\ICCU\SBLV\261660 | |
| 942 | |2 ddc |c TS |n 0 | ||
| 952 | |0 0 |1 0 |4 0 |6 TESI_155_300000000000000_GHI |7 0 |9 24885 |a BO |b BO |d 2026-01-15 |i 8709 |l 0 |o TESI 155.3 GHI |p BO8709 |r 2026-01-15 23:23:50 |w 2026-01-15 |x [Sebina 7] [1 v.] |y TS |z 1 v. | ||
| 999 | |c 21150 |d 21150 | ||